Normal view
MARC view
- Beedle, Lynn S
Entry Personal Name
001 - CONTROL NUMBER
- control field: 43346
003 - CONTROL NUMBER IDENTIFIER
- control field: NUST
005 - DATE AND TIME OF LATEST TRANSACTION
- control field: 20210314132624.0
008 - FIXED-LENGTH DATA ELEMENTS
- fixed length control field: 210314|| aca||aabn | a|a d
040 ## - CATALOGING SOURCE
- Original cataloging agency: NUST
- Transcribing agency: NUST
100 ## - HEADING--PERSONAL NAME
- Personal name: Beedle, Lynn S
670 ## - SOURCE DATA FOUND
- Source citation: Work cat.: (NUST): Beedle, Lynn S., Plastic design of steel frames., [1958]
